Tilastot visalle Ruotsinkieliset Manner-Suomen kunnittain

Klikkaa tästä pelataksesi tätä visaa!

Yleistilastot

  • Tätä visaa on pelattu 145 kertaa
  • Keskiarvotulos 20 / 30

Vastaustilastot

Ruotsinkielisten määräVastaus% Oikein
35845Helsinki
94%
9924Turku
94%
15172Vaasa
94%
20261Espoo
89%
56,0 %Pietarsaari
84%
10966Pietarsaari
84%
14961Porvoo
80%
7857Närpiö
74%
83,7 %Närpiö
74%
65,0 %Raasepori
72%
18649Raasepori
72%
6639Kirkkonummi
66%
9887Pedersören kunta
66%
89,4 %Pedersören kunta
66%
55,8 %Kristiinankaupunki
64%
68,8 %Mustasaari
63%
13267Mustasaari
63%
6669Sipoo
63%
6458Loviisa
61%
6550Uusikaarlepyy
61%
87,0 %Uusikaarlepyy
61%
8700Parainen
56%
56,2 %Parainen
56%
54,3 %Inkoo
55%
85,8 %Maalahti
55%
92,3 %Luoto
50%
87,0 %Korsnäs
48%
82,1 %Vöyri
47%
80,0 %Kruunupyy
46%
69,8 %Kemiönsaari
40%

Tulosjakauma

Persentiili vastausten määrän mukaan

Jokaisen tuloksen saaneiden osuus

Tuloshistoriasi

Et ole pelannut tätä visaa